Game of the Year Winners - Sudden Death - Statistics

General Stats
  • This quiz has been taken 22 times
  • The average score is 6 of 12
Answers on the Grid
Answers color-coded by a green-red scale on the quiz's grid according to % correct below.
Metal Gear Solid V: The Phantom Pain
Inside
Titanfall 2
Uncharted 4: A Theif's End
Hearthstone
Super Smash Bros. Ultimate
Doom (2016)
The Legend of Zelda: Breath of the Wild
PUBG
Fallout 4
Super Mario Maker
Bayonetta
Dragon Age: Inquisition
Horizon Zero Dawn
God of War
Control
Persona 5
Overwatch
Bloodborne
Middle-Earth: Shadow of Mordor
Dark Souls II
Assassin's Creed Odyssey
Celeste
Marvel's Spider-Man
Monster Hunter: World
Red Dead Redemption 2
The Witcher 3: Wild Hunt
Ghost of Tsushima
Sekiro: Shadows Die Twice
Death Stranding
Resident Evil 2
The Outer Worlds
Metroid Dread
The Legend of Zelda: Tears of the Kingdom
Super Mario Odyssey
Animal Crossing: New Horizons
Final Fantasy VII Remake
Hades
Ratchet and Clank: Rift Apart
It Takes Two
Clair Obscur: Expedition 33
Deathloop
Psychonauts 2
Resident Evil Village
Elden Ring
A Plague Tale: Requiem
Elden Ring: Shadow of the Erdtree
Baldur's Gate 3
Doom Eternal
The Last of Us Part II
God of War Ragnarok
Stray
Xenoblade Chronicles 3
Alan Wake 2
Resident Evil 4
Marvel's Spider-Man 2
Horizon Forbidden West
Kingdom Come: Deliverance II
Donkey Kong Bananza
Metaphor: ReFantazio
Hades II
Hollow Knight: Silksong
Death Stranding 2: On the Beach
Final Fantasy VII Rebirth
Super Mario Bros. Wonder
Balatro
Astro Bot
Black Myth: Wukong
 
Answer Stats
Answer % Correct
Clair Obscur: Expedition 33
79%
Baldur's Gate 3
64%
The Legend of Zelda: Breath of the Wild
64%
Astro Bot
57%
God of War
57%
Overwatch
57%
Elden Ring
50%
Sekiro: Shadows Die Twice
50%
The Witcher 3: Wild Hunt
50%
Dragon Age: Inquisition
36%
It Takes Two
36%
The Last of Us Part II
36%
No matching quizzes found
Score Distribution
Percent of People with Each Score
Percentile by Number Answered
Your Score History
You have not taken this quiz